000 00635nam a2200217 a 4500
001 000042721
003 DO-SdBNP
005 20240229073833.0
007 ta
008 140206s2011 dr 000 0 spa d
020 _a9789945469424
040 _aDO-SdBNP
_bspa
_cBNPHU
082 4 _222
245 0 0 _aColoquios 2010 /
_cArturo López...[et.al] ; coordinación Mateo Morrison.
260 _aSanto Domingo :
_bDirección Nacional de la Feria del Libro.
_c2011.
300 _a98 p. ;
_c24 cm.
590 _aInventariado, 2020 /LP
700 1 _aLópez, Arturo
_970039
700 1 _aMorrison, Mateo,
_d1947-
_91469
942 _2ddc
_cLBS1
999 _c42210
_d42210